| 000 | 00721nam a2200241 i 4500 | ||
|---|---|---|---|
| 001 | bg | ||
| 245 | 0 | 0 |
_aMateriały do ćwiczeń z gleboznawstwa. _nCz. 1, _pMineralogia i petrografia / _cEwa Leszczyńska ; Szkoła Główna Gospodarstwa Wiejskiego w Warszawie. |
| 250 | _aWyd. 9. | ||
| 260 |
_aWarszawa : _bWydaw. SGGW, _c1995. |
||
| 300 |
_a146 s. : _brys. ; _c24 cm. |
||
| 504 | _aBibliogr. s. 145-146. | ||
| 650 | 9 | _aMineralogia | |
| 650 | 9 | _aPetrografia | |
| 655 | _aĆwiczenia i zadania | ||
| 700 | 1 | _aLESZCZYŃSKA, Ewa | |
| 020 | _a8300020063 | ||
| 040 | _cBPK | ||
| 041 | 0 | _apl | |
| 080 | _a549+552](075.8)(076) | ||
| 920 | _a83-00-02006-3 | ||
| 942 | _cKS | ||
| 008 | s pl f |000 0 pol | ||
| 999 |
_c34451 _d34451 |
||
| 856 |
_uhttp://koha.tu.koszalin.pl/cgi-bin/koha/opac-detail.pl?biblionumber=34451 _yKatalog online BPK |
||